00589nam a22001817a 4500003000900000008004100009040007100050082002300121100003100144245006200175260003100237300004200268505002600310650002500336650001300361650001500374650001800389AR-CdUCM190403b ||||| |||| 00| 0 spa d aMUNICIPALIDAD PROVINCIAL DEL CUSCOcBIBLIOTECA MUNICIPAL DEL CUSCO aC / 869.56 /bQ76P aQuispe Suma, Jacinto Callo aPoemas a Túpac Amaru /cJacinto Yana Auqa (seudónimo) aCanas :bGarcilaso,c1971. a39 páginas ;bfotografía,c21 cm. aContenido: Poesías. aPoesías Cusqueña aSiglo XX aLiteratura aCanas - Cusco